| 000 | 00551nam a2200181 i 4500 | ||
|---|---|---|---|
| 001 | 49965 | ||
| 003 | ES-MaACL | ||
| 005 | 20231228163538.0 | ||
| 007 | t| | ||
| 008 | 030728s1964 sp ||||1| spa d | ||
| 100 | 1 |
_aCrespo Amorós, Miguel. _941535 |
|
| 245 | 1 | 0 |
_aReminiscencias _b: ensayos poéticos / _cde Miguel Crespo Amorós ; con prólogo en prosa de Ignacio Mateo. |
| 260 |
_aMadrid : _b[s.n.], _c1964. |
||
| 300 |
_a88 p. ; _c22 cm. |
||
| 700 | 1 |
_aMateo, Ignacio _978944 |
|
| 852 |
_aES-MaACL _jF-14683 _bR.53498 |
||
| 999 |
_c49965 _d49965 |
||